Decades by Picture - 2000s - Statistics

General Stats
  • This quiz has been taken 363 times
    329 since last reset
  • The average score is 13 of 15
Answer Stats
Picture Hint Answer % Correct
president Barack Obama
99%
movie Shrek
99%
rapper Eminem
95%
president George W. Bush
95%
founder Steve Jobs
95%
movie Avatar
93%
author J.K. Rowling
93%
terrorist attack September 11 Attacks
93%
founder Mark Zuckerberg
91%
technology iPod
89%
console Wii
88%
currency Euro
86%
console Nintendo DS
71%
war {Iraq} War
67%
president Saddam Hussein
59%
No matching quizzes found
Score Distribution
Percent of People with Each Score
Percentile by Number Answered
Your Score History
You have not taken this quiz since the last reset